Convective mass transfer (Record no. 18675)

000 -LEADER
fixed length control field 00490nam a22001811 4500
001 - CONTROL NUMBER
control field 18675
003 - CONTROL NUMBER IDENTIFIER
control field BD-DhUET
008 - FIXED-LENGTH DATA ELEMENTS--GENERAL INFORMATION
fixed length control field 751113s1963 nyua b 001 0 eng
040 ## - CATALOGING SOURCE
Original cataloging agency DLC
Transcribing agency LNT
Modifying agency OCoLC
-- BD-DhUET
082 ## - DEWEY DECIMAL CLASSIFICATION NUMBER
Classification number 660.2842
Item number SPA/1963
100 1# - MAIN ENTRY--PERSONAL NAME
Personal name Spalding, D. B.
245 10 - TITLE STATEMENT
Title Convective mass transfer
Remainder of title an introduction.
250 ## - EDITION STATEMENT
Edition statement 1st ed.
260 ## - PUBLICATION, DISTRIBUTION, ETC. (IMPRINT)
Place of publication, distribution, etc. New York
Name of publisher, distributor, etc. McGraw-Hill
Date of publication, distribution, etc. 1963
300 ## - PHYSICAL DESCRIPTION
Extent xv, 443 p.
Other physical details illus.
Dimensions 24 cm.
650 #0 - SUBJECT ADDED ENTRY--TOPICAL TERM
Topical term or geographic name as entry element Mass transfer chemical engg.
942 ## - ADDED ENTRY ELEMENTS (KOHA)
Koha item type General Book
Holdings
Damaged status Date acquired Lost status Sublocation or collection (holding branch) Koha normalized classification for sorting Koha full call number Not for loan Location (home branch) Withdrawn status Piece designation (barcode) Source of classification or shelving scheme Price effective from Copy number Koha item type Koha date last seen Shelving location
 2015-03-31 Central Library, BUET660_284200000000000_SPA_1963660.2842/SPA/1963 Central Library, BUET 4994 2015-03-311General Book2015-03-31Circulation section